[Event "Hasselbacken op"]
[Site "Stockholm"]
[Date "2021.11.05"]
[Round "1"]
[White "Iminov, Bachtiar"]
[Black "Akesson, Ralf"]
[Result "0-1"]
[WhiteElo "1848"]
[BlackElo "2385"]
[PlyCount "90"]
[EventDate "2021.11.05"]
[EventType "swiss"]
[EventRounds "8"]
[EventCountry "SWE"]
[SourceTitle "CBM 205 Extra"]
[Source "ChessBase"]
[SourceDate "2022.01.31"]
[SourceVersion "1"]
[SourceVersionDate "2022.01.31"]
[SourceQuality "1"]

1. d4 Nf6 2. Nf3 e6 3. e3 c5 4. Bd3 b6 5. 0-0 Bb7 6. Nbd2 cxd4 7. exd4 Be7 8. Qe2 0-0 9. Ne4 Nxe4 10. Bxe4 Bxe4 11. Qxe4 d5 12. Qg4 Nc6 13. c3 b5 14. Ne5 Nxe5 15. dxe5 Qc7 16. Bh6 Qxe5 17. f4 f5 18. Qg3 Qf6 19. Bg5 Bc5+ 20. Kh1 Qg6 21. Qd3 Rab8 22. Rf3 h6 23. Bh4 Rfc8 24. Rg3 Qf7 25. Rf3 b4 26. cxb4 Rxb4 27. b3 Bd6 28. Qa6 Qc7 29. Re1 Re4 30. Ref1 Kh7 31. Be1 Qd7 32. h3 Rc6 33. Qb5 a6 34. Qd3 Qc7 35. Bc3 Bxf4 36. Bxg7 Kxg7 37. Rxf4 Rxf4 38. Qg3+ Rg4 39. Qxc7+ Rxc7 40. hxg4 fxg4 41. Rf4 h5 42. Kh2 Kg6 43. Ra4 Rc6 44. Rf4 e5 45. Rf8 d4 0-1

[Event "Stockholm op"]
[Site "Stockholm"]
[Date "2018.08.19"]
[Round "9"]
[White "Iminov, Bachtiar"]
[Black "Seo, Jung Min"]
[Result "0-1"]
[WhiteElo "1855"]
[BlackElo "2356"]
[PlyCount "92"]
[EventDate "2018.08.13"]
[EventType "swiss"]
[EventRounds "9"]
[EventCountry "SWE"]
[SourceTitle "EXT 2019"]
[Source "ChessBase"]
[SourceDate "2018.10.10"]
[SourceVersion "1"]
[SourceVersionDate "2018.10.10"]
[SourceQuality "1"]

1. Nf3 Nf6 2. c4 e6 3. g3 d5 4. b3 Be7 5. Bg2 b6 6. 0-0 Bb7 7. Bb2 Nbd7 8. e3 0-0 9. Qe2 Rc8 10. Rd1 c5 11. Nc3 Qc7 12. Rac1 Qb8 13. d4 Qa8 14. Ne5 cxd4 15. exd4 dxc4 16. Bxb7 Qxb7 17. Nxd7 Qxd7 18. bxc4 Rfe8 19. Qd3 Red8 20. d5 Qb7 21. Ne4 Nxe4 22. Qxe4 Bf8 23. Qe5 Re8 24. d6 Rc5 25. Rd5 Rc6 26. c5 Qd7 27. Rdd1 f6 28. Qd4 bxc5 29. Qe3 Rxd6 30. Rxd6 Qxd6 31. Ba3 Rc8 32. Qb3 Qc6 33. Qc4 Qd5 34. Qa6 Rc7 35. Qa5 Qd7 36. Qa6 c4 37. Bxf8 Kxf8 38. Qa3+ Kf7 39. Qe3 Qc6 40. Qd4 c3 41. Qd3 f5 42. h4 c2 43. Qe2 h6 44. Qh5+ Kg8 45. Qe2 Rc8 46. Qe5 Qd5 0-1

[Event "Hersonissos op 2nd"]
[Site "Hersonissos"]
[Date "2018.06.23"]
[Round "8"]
[White "Kotsinis, Alexandros"]
[Black "Iminov, Bachtiar"]
[Result "0-1"]
[WhiteElo "1655"]
[BlackElo "1842"]
[PlyCount "86"]
[EventDate "2018.06.17"]
[EventType "swiss"]
[EventRounds "9"]
[EventCountry "GRE"]
[SourceTitle "CBM 185 Extra"]
[Source "ChessBase"]
[SourceDate "2018.07.29"]
[SourceVersion "1"]
[SourceVersionDate "2018.07.29"]
[SourceQuality "1"]

1. d4 Nf6 2. c4 g6 3. Nc3 Bg7 4. e4 d6 5. f3 0-0 6. Be3 a6 7. Nge2 Nbd7 8. Qd2 c5 9. Nf4 cxd4 10. Qxd4 e5 11. Qxd6 exf4 12. Bxf4 Nh5 13. Be3 Qf6 14. Qd2 Qc6 15. Rd1 Ne5 16. Nd5 Re8 17. Be2 Be6 18. 0-0 Nxc4 19. Bxc4 Qxc4 20. Nb6 Qxa2 21. Nxa8 Rxa8 22. g4 Nf6 23. Qd8+ Rxd8 24. Rxd8+ Bf8 25. Bh6 Nd7 26. Rd1 Qxb2 27. R1xd7 Qb1+ 28. Kg2 Qb2+ 29. Kg1 Qb1+ 30. Kg2 Qb2+ 31. Kh3 Qa3 32. Rd3 Qc5 33. Rb8 Qh5+ 34. Kg3 Qxh6 35. Rdd8 b5 36. e5 Qg7 37. f4 Bc4 38. Ra8 f6 39. Re8 fxe5 40. Rxe5 Qf6 41. g5 Qd6 42. Ree8 Qa3+ 43. Kh4 Bf1 0-1

[Event "Hersonissos op 2nd"]
[Site "Hersonissos"]
[Date "2018.06.20"]
[Round "5"]
[White "Iminov, Bachtiar"]
[Black "Dagkonaki, Aspasia"]
[Result "1-0"]
[WhiteElo "1842"]
[BlackElo "1538"]
[PlyCount "91"]
[EventDate "2018.06.17"]
[EventType "swiss"]
[EventRounds "9"]
[EventCountry "GRE"]
[SourceTitle "CBM 185 Extra"]
[Source "ChessBase"]
[SourceDate "2018.07.29"]
[SourceVersion "1"]
[SourceVersionDate "2018.07.29"]
[SourceQuality "1"]

1. Nf3 d5 2. c4 e6 3. b3 Nf6 4. g3 Be7 5. Bg2 0-0 6. Bb2 c5 7. 0-0 Nc6 8. e3 Qc7 9. Qe2 b6 10. Rd1 Bb7 11. Nc3 Rfd8 12. Rac1 Rac8 13. d4 dxc4 14. bxc4 cxd4 15. exd4 Na5 16. Nb5 Qb8 17. d5 Kf8 18. Be5 Qa8 19. Nc7 Rxc7 20. Bxc7 Rc8 21. d6 Bd8 22. Bxd8 Rxd8 23. Ne1 Bxg2 24. Nxg2 Qc6 25. Ne3 Rxd6 26. Rxd6 Qxd6 27. Rd1 Qc7 28. Qd3 Nc6 29. Qd6+ Qxd6 30. Rxd6 Nb4 31. a3 Na6 32. Rd8+ Ke7 33. Ra8 Nc5 34. Rxa7+ Ke8 35. a4 h6 36. a5 bxa5 37. Rxa5 Nd3 38. Ra8+ Ke7 39. Ra7+ Ke8 40. Kf1 Ne4 41. f3 Nec5 42. Ke2 Ne5 43. f4 Ned7 44. f5 exf5 45. Nxf5 Kf8 46. Ra8+ 1-0

[Event "Stockholm op"]
[Site "Stockholm"]
[Date "2016.08.17"]
[Round "5"]
[White "Iminov, Bachtiar"]
[Black "Helin, Mikael"]
[Result "0-1"]
[WhiteElo "1682"]
[BlackElo "1967"]
[PlyCount "76"]
[EventDate "2016.08.15"]
[EventType "swiss"]
[EventRounds "9"]
[EventCountry "SWE"]
[SourceTitle "EXT 2017"]
[Source "ChessBase"]
[SourceDate "2016.10.25"]
[SourceVersion "1"]
[SourceVersionDate "2016.10.25"]
[SourceQuality "1"]

1. d4 Nc6 2. Nf3 d6 3. c4 g6 4. Nc3 Bg7 5. Bg5 h6 6. Bh4 Nf6 7. e3 0-0 8. Be2 Bf5 9. 0-0 g5 10. Bg3 Nh5 11. Nd2 Nxg3 12. hxg3 Bd7 13. a3 e5 14. d5 Ne7 15. Qc2 f5 16. Bd3 h5 17. f3 Kh8 18. Kf2 Ng6 19. Rh1 h4 20. gxh4 gxh4 21. Rag1 Kg8 22. Ke1 Qg5 23. e4 Qe3+ 24. Kd1 Nf4 25. Bf1 Nh5 26. Ne2 Ng3 27. Nxg3 hxg3 28. Bd3 f4 29. Nb1 a6 30. Nc3 Kf7 31. Qd2 Qa7 32. Ne2 Rh8 33. Nxf4 Bh6 34. Rxh6 Qxg1+ 35. Kc2 Rxh6 36. Nh3 Rxh3 37. gxh3 Qf2 38. Be2 Rh8 0-1